人名が付いた空港 - Statistics

General Stats
  • This quiz has been taken 81 times
  • The average score is 8 of 22
Answer Stats
人名 都市 % Correct
坂本龍馬 高知
93%
ジョン・F・ケネディ ニューヨーク
85%
シャルル・ド・ゴール パリ
84%
チンギスハーン ウランバートル
75%
レオナルド・ダ・ビンチ ローマ
64%
インディラ・ガンディー デリー
59%
蒋介石 台北/桃園
56%
ダニエル・K・イノウエ ホノルル
53%
アタチュルク アンカラ
38%
ジョン・レノン リバプール
37%
ショパン ワルシャワ
36%
ロナルド・レーガン ワシントンDC
25%
モーツァルト ザルツブルク
19%
サン=テグジュペリ リヨン
11%
ガリレオガリレイ ピサ
8%
トゥサン・ルーベルチュール ポルトープランス
8%
マザー・テレサ ティラナ
5%
アブラハム・リンカーン スプリングフィールド
3%
イブン・バットゥータ タンジェ
1%
ネルソン・マンデラ プライア
1%
マンコ・カパック フリアカ
0%
モハンマド・ビン・アブドゥルアズィーズ マディーナ
0%
No matching quizzes found
Score Distribution
Percent of People with Each Score
Percentile by Number Answered
Your Score History
You have not taken this quiz